| 000 | 00521nam a2200145 a 4500 | ||
|---|---|---|---|
| 008 | 120416s1976 ||||||||||||||||| || u | ||
| 050 | _aHD 6832 Ayu | ||
| 100 | _aAyusawa, Iwao Frederick | ||
| 245 | 1 | 2 | _aA history of labour in modern Japan |
| 260 |
_aWestport, [Conn.] _bGreenwood Press _c1976 |
||
| 350 | _a0.00 | ||
| 650 | _aLABOUR | ||
| 650 | _aLABOUR--JAPAN | ||
| 995 |
_D0.00 _FCBU-MAIN LIBRARY (Kitwe) _H1 _I0.00 _M1 _UAVAILABLE _ZMain Library Open Access Collection |
||
| 999 |
_c45600 _d45600 |
||